000 00301nam a22001337a 4500
008 180919b xxu||||| |||| 00| 0 eng d
041 _aeng
080 _a574
082 _a574
100 _a9
101 _aMJE
245 _aAnnual Review of Ecology and Systematics
_cAntonovics,J
942 _2udc
_cBK
999 _c48017
_d48017